LEADER 01119nam a2200241 i 4500 001 000000175989 003 CaOOAMICUS 005 20231010094127.0 008 090220s1974 it u000 u ita u 040 $aSeMil$bita 100 1 $aCamus, Albert,$d<1913-1960>.$0(OLS)http://semarc/name/4358 240 13$aLe premier Camus, suivi de Écrits de jeunesse d'Albert Camus.$0(OLS)http://semarc/title/252512 245 13$aLe voci del quartiere povero e altri scritti giovanili /$cAlbert Camus ; con un saggio di Paul Viallaneix. 260 $aMilano :$bRizzoli,$c1974. 300 $a267 p. ;$c23 cm. 700 1 $aViallaneix, Paul.$0(OLS)http://semarc/name/58287 773 0 $aCamus, Albert <1913-1960>$tInediti di Albert Camus.$dMilano : Rizzoli, [19--?]$g2$w()18819 850 $aSeMil 852 $aSeMil$W1$xVenegono$y1$m1U VI 70$j243719$B126811$CSeMilBibl$Z2$F139516 $81 961 $aOmaggio: Martinelli don Romano 996 $6245$aLe voci del quartiere povero e altri scritti giovanili$9(OLS)http://semarc/title/252511 996 $6260$aMilano :$bRizzoli$9(OLS)http://semarc/publisher/29824 LEADER 01382nam a2200277 4500 001 000000350020 003 CaOOAMICUS 005 20220525121451.0 008 220421s2004 it 000 u ita r 020 $a88-514-0155-1 040 $aSeMil$bita 100 1 $aSantucci, Luigi,$d<1918-1999>.$0(OLS)http://semarc/name/10748 245 10$aAutoritratto :$bdisegnato con le pagine più significative delle mie opere /$cLuigi Santucci ; a cura di Giliolo Badilini ; prefazione di Gianfranco Ravasi. 264 1$aMilano :$bÀncora,$c2004. 300 $a268 p. ;$c22 cm 650 4$aSantucci, Luigi <1918-1999> - Opere - Elementi autobiografici.$0(OLS)http://semarc/subject/52141 650 04$aSantucci, Luigi <1918-1999> - Autobiografia.$0(OLS)http://semarc/subject/52140 700 1 $aBadilini, Giliolo.$0(OLS)http://semarc/name/28198 700 1 $aRavasi, Gianfranco,$c.$0(OLS)http://semarc/name/244 850 $aSeMil 852 $aSeMil$W1$xVenegono$y1$m1O III 269$j232915$B241055$CSeMilBibl$Z2$F241055 $81 961 $aPontiggia don Virginio - Omaggio 996 $6020$a88-514-0155-1$9(OLS)http://semarc/number/295713 996 $6245$aAutoritratto :$bdisegnato con le pagine più significative delle mie opere$9(OLS)http://semarc/title/439700 996 $6264$aMilano :$bÀncora$9(OLS)http://semarc/publisher/29763